Más allá de la ayuda: una nueva métrica de la ayuda oficial al desarrollo post-2015 /
Este artículo trata de responder a la pregunta ¿en qué va a consistir después del 2015 la idea de más allá de la ayuda, que en su origen estaba asociada a la coherencia de políticas? Tras analizar el nuevo contexto de fatiga de la ayuda oficial al desarrollo (AOD) y la crisis de identidad del régime...
Guardado en:
| Autor principal: | |
|---|---|
| Formato: | Texto |
| Materias: | |
| Etiquetas: |
Agregar Etiqueta
Sin Etiquetas, Sea el primero en etiquetar este registro!
|
MARC
| LEADER | 00000 a a2200000 04500 | ||
|---|---|---|---|
| 001 | 46710 | ||
| 003 | |||
| 040 | |||
| 100 | |a Domínguez Martín, Rafael | ||
| 245 | |a Más allá de la ayuda: |b una nueva métrica de la ayuda oficial al desarrollo post-2015 / |c Rafael Domínguez Martín | ||
| 520 | |a Este artículo trata de responder a la pregunta ¿en qué va a consistir después del 2015 la idea de más allá de la ayuda, que en su origen estaba asociada a la coherencia de políticas? Tras analizar el nuevo contexto de fatiga de la ayuda oficial al desarrollo (AOD) y la crisis de identidad del régimen de ayuda, se repasan las distintas métricas propuestas de cara a la redefinición del concepto de AOD después del 2015. | ||
| 590 | |a AMB/DICIEMBRE2014 | ||
| 650 | |a A) AYUDA PARA EL DESARROLLO | ||
| 650 | |a B) POLITICA | ||
| 773 | |g volumen17, número47 (2013), páginas 31-45 : tabla | ||
| 999 | |c 24796 |d 24796 | ||
